000 00698nam a2200229Ia 4500
003 OSt
005 20220925212220.0
006 a|||||r|||| 00| 0
007 ta
008 220923b |||||||| |||| 00| 0 eng d
037 _cGeneral Book
040 _aRTL
_cRTL
_beng
041 _2eng
_aeng
082 _aX9(F113)wL37, K4
100 _aHarris J R
_9108092
245 0 _aCopper king
_b a biography of Thomas Williams of Lla
260 _aLiverpool
_bLiverpool Univeristy Press
_c1964
300 _axviii, 194p. Appendix P 158-84
_ccm.
650 _aTechnological Industry
_9236557
942 _hX9(F113)wL37, K4
_cGB
_2CC
999 _c559757
_d559757